100 truyện ngắn hay Nga T.4 /
Sách giúp bạn đọc tìm thấy những tác phẩm và tác giả mình yêu thích gắn liền với những kỷ niệm, những người Nga tốt bụng, những thành phố từng thân quen và cả thiên nhiên tuyệt diệu của nước Nga.
Zapisane w:
| Kolejni autorzy: | , , |
|---|---|
| Format: | Książka |
| Język: | Vietnamese |
| Wydane: |
Hà Nội :
Hội nhà văn,
1998.
|
| Hasła przedmiotowe: | |
| Etykiety: |
Dodaj etykietę
Nie ma etykietki, Dołącz pierwszą etykiete!
|
| Thư viện lưu trữ: | Mạng thư viện Đại học Đà Nẵng |
|---|
| LEADER | 01314cam a2200385 i 4500 | ||
|---|---|---|---|
| 001 | 000046531 | ||
| 003 | 6029 | ||
| 005 | 20041108144532.0 | ||
| 008 | 010307b1998 vm 000 vie | ||
| 020 | |c 60000 | ||
| 022 | |a T | ||
| 040 | |a IRC |c IRC |d IRC | ||
| 041 | 0 | |a vie | |
| 082 | 1 | 4 | |a 891.7 |b Mô-T |
| 245 | 0 | 0 | |a 100 truyện ngắn hay Nga |n T.4 / |c Ngô Văn Phú, Vũ Đình Bình, Phạm Sông Hồng tuyển chọn. |
| 260 | |a Hà Nội : |b Hội nhà văn, |c 1998. | ||
| 300 | |a 738 tr. ; |c 19 cm. | ||
| 520 | 3 | |a Sách giúp bạn đọc tìm thấy những tác phẩm và tác giả mình yêu thích gắn liền với những kỷ niệm, những người Nga tốt bụng, những thành phố từng thân quen và cả thiên nhiên tuyệt diệu của nước Nga. | |
| 630 | 0 | 4 | |a Truyện ngắn. |
| 630 | 0 | 4 | |a Văn học Nga. |
| 630 | 0 | 4 | |a Truyện ngắn Nga. |
| 650 | 0 | 4 | |a Truyện ngắn Nga. |
| 700 | 1 | |a Ngô Văn Phú, |e tuyển chọn. | |
| 700 | 1 | |a Võ Đình Bảng, |e tuyển chọn. | |
| 700 | 1 | |a Phạm Sông Hồng, |e tuyển chọn. | |
| OWN | |a DUT | ||
| 999 | |a From the UDN01 | ||
| TYP | |a Monograph | ||
| TYP | |a Printed language | ||
| 980 | |a Mạng thư viện Đại học Đà Nẵng | ||